Münebbihü'r Râkidîn : (Record no. 15840)

MARC details
000 -BAŞLIK
Sabit Uzunlukta Kontrol Alanı 00935nam a22002537a 4500
999 ## - SİSTEM KONTROL NUMARALARI (KOHA)
Koha Biblionumber 15840
Koha Biblioitemnumber 15840
003 - KONTROL NUMARASI IDENTIFIER
Denetim Alanı MIRAKIL
005 - SON İŞLEM TARİHİ VE ZAMANI
Denetim Alanı 20240328131629.0
008 - SABİT-BOY VERİ ELEMANLARI - GENEL BİLGİLER
Sabit Uzunlukta Kontrol Alanı 240328b tu ||||| |||| 00| 0 tur d
020 ## - ULUSLARARASI STANDART KİTAP NUMARASI
Uluslararası Standart Kitap Numarası 9751615291 (T.k.)
020 ## - ULUSLARARASI STANDART KİTAP NUMARASI
Uluslararası Standart Kitap Numarası 9751615305 (1.c.)
020 ## - ULUSLARARASI STANDART KİTAP NUMARASI
Uluslararası Standart Kitap Numarası 9751615313 (2.c.)
040 ## - KATALOGLAMA KAYNAK
Orijinal Kataloglama Ajansı TR-AnCHP
Metne Dönüştürmek Ajansı TR-AnCHP
041 ## - DİL KODU
Metin / Ses Parça Veya Ayrı Başlığın Dil Kodu tur
082 ## - DEWEY ONLU SINIFLANDIRMA NUMARASI
Sınıflandırma Numarası 417.02
Ürün Numarası M87m 2002
100 ## - ANA GİRİŞ - KİŞİSEL İSİM
Kişisel Ad Musa b. Hacı Hüseyin
245 10 - BAŞLIK TABLOSU
Başlık Münebbihü'r Râkidîn :
Başlığın Kalan (uyurları uyandurucı) /
Sorumluluk Tablosu, Vb Musa bin Hacı el-İznikî ; [haz.]Paşa Yavuzarslan.
260 ## - YAYIN, DAĞITIM, VB
Yayın, Dağıtım, Vb Yeri Ankara :
Yayıncı, Dağıtıcı, Vs Adı Türk Dil Kurumu,
Yayın, Dağıtım, Vb Tarihi 2002.
300 ## - FİZİKSEL TANIM
Kapsam c. 1-2 :
Boyutlar 24 cm.
490 0# - SERİSİ TABLOSU
Seri Beyanı Atatürk Kültür, Dil ve Tarih Yüksek Kurumu Türk Dil Kurumu yayınları ;
Hacim / Ardışık Tanımı 800.
500 ## - GENEL NOT
Genel Not İçindekiler: 1.c.: Giriş-inceleme-tenkitli metin - 2.c.: Dizin<br/>
650 #0 - KONU KATMA GİRİŞ - TOPİKAL DÖNEM
9 (RLIN) 7716
Topikal Süreli Veya Coğrafi Ad Giriş Elemanı Türk dili
856 ## - ELEKTRONİK YER VE ERİŞİM
Kamu Notu Dijital Nüshası için Partimizin Kütüphane Sorumlusu ile iletişime geçiniz.
942 ## - EKLENDİ GİRİŞ ELEMANLARI (KOHA)
Sınıflandırma Veya Raf Düzeni Kaynak Dewey Decimal Classification
Koha Öğesi Türü Books
Holdings
Kalıcı Konum Mevcut Konum Edinme Tarihi Toplam Check-Out'Lar Tam Çağrı Numarası Barkod Tarih Son Görülme Kopya Sayısı İtibaren Geçerli Fiyatlar Koha Öğesi Türü
CHP Kütüphanesi CHP Kütüphanesi 03/28/2024   417.02 M87m 2002 21790 03/28/2024 c.1 03/28/2024 Books
CHP Kütüphanesi CHP Kütüphanesi 03/28/2024   417.02 M87m 2002 21791 03/28/2024 c.2 03/28/2024 Books